|
|
|
|
| LEADER |
02635nam a2200493 4500 |
| 001 |
000008921 |
| 005 |
20120426091747.0 |
| 008 |
120426s1770 gw e lat |
| FMT |
|
|
|
| 040 |
|
|
|a SVKKK
|b slo
|c SVKKK
|e AACR2
|
| 041 |
0 |
|
|a lat
|
| 044 |
|
|
|a gw
|c DE
|
| 080 |
|
|
|a 358
|
| 080 |
|
|
|a 282
|
| 080 |
|
|
|a 262.13
|
| 080 |
|
|
|a (049.2)
|
| 100 |
1 |
|
|a Ballerini, Pietro
|d 1698-1769
|4 aut
|
| 245 |
1 |
0 |
|a De Potestate Ecclesiastica Summorum Pontificum Et Conciliorum Generalium Liber
|b Una Cum Vindiciis Auctoritatis Pontificiae Contra Opus Justini Febronii. Auctore Petro Ballerinio Presbytero Veronenis. Accedit Appendix De Infallibilitate Eorumdem Pontificum In Definitionibus Fidei
|
| 260 |
|
|
|a Augustae Vindelicorum
|b Sumptibus Fratrum Veith Bibliopolarum, Superiorum Permissu
|c MDCCLXX [=1770]
|
| 300 |
|
|
|a XXIV,304 s. a/4-c/4,A/4-Z/4,Aa/4-Pp/4 [=164] list.
|c 4°. 20,5x17 cm
|
| 500 |
|
|
|a Signet (v rohoch dve mýtické postavy, v strede motto: "Aperi & pretiosa lege", signov.: Jos. Erasm. Belling Sc. A. V.", vlys ornam., vinety ornam., linky ozdobné, verz. na 2,3,4 r., tlač. marginálie, kustódy, tlač. pozn. pod čiarou v lat. jaz.
|
| 500 |
|
|
|a Autor reaguje na vydanie diela J. N. von Hontheima (pseudonym Justinus Febronius): De Statu Ecclesiae Et Legitima Potestate Romani Pontificis
|
| 501 |
|
|
|a Prív. 1. k: BALLERINI, P.: De Vi Ac Ratione Primatus Romanorum Pontificum. Augustae Vindelicorum 1770. 4°.
|
| 504 |
|
|
|a Na zl. Oo/2-Pp/4 registre
|
| 508 |
|
|
|a Na zl. a/2 nesigno. úvod. Na zl. a/3 "Approbatio Censoris...Augustae Vindelicorum, die 22. Nov. 1769. Josephus Herz, S. Theol. Licent. Revmi ac Sermi Elector. & Archiepisc. Trevir nec non Episc. August. Consil. Eccl. Visitat. Gen. Consistor. Assess. ac Libror. Censor."
|
| 510 |
4 |
|
|a GBV; CU; VKOL
|
| 561 |
|
|
|a Peč.: K. K. Rechtsakad. Bibliothek In Kaschau
|
| 653 |
1 |
|
|a cirkevné právo
|
| 653 |
1 |
|
|a rímskokatolícka cirkev
|
| 653 |
1 |
|
|a pápežstvo
|
| 653 |
1 |
|
|a polemiky
|
| 700 |
1 |
|
|a Herz, Josephus.
|4 lso
|
| 700 |
1 |
|
|a Hontheim, Johann Nikolaus von
|d 1701-1790
|4 aut
|
| 710 |
0 |
|
|a knižnice - Knižnica Právnickej akadémie,
|c Košice
|4 sgn
|
| 710 |
0 |
|
|a Veith - bratia,
|c Augsburg,
|d 1712-
|4 pbl
|4 bsl
|
| 752 |
|
|
|a Nemecko
|d Augsburg
|
| 852 |
|
|
|p F 35 prív. 1. PA
|
| 904 |
|
|
|a cf--y----da------yyyb-1001--
|
| 905 |
|
|
|a bf-a1cb-
|
| 910 |
|
|
|a svkkk
|
| 997 |
|
|
|a Hontheim, J. N. von: De Statu Ecclesiae ... p. Ballerini, P.: De Potestate Ecclesiastica...
|4 aut
|
| 998 |
|
|
|a ST18
|
| BAS |
|
|
|
| LKR |
|
|
|a UP
|b 8916
|l HIS01
|n De Vi Ac Ratione Primatus Romanorum Pontificum
|m De Potestate Ecclesiastica Summorum Pontificum...
|